书目信息 |
| 题名: |
Premiere5.5实战入门新概念
|
|
| 作者: | 苏瑞 编著 | |
| 分册: | ||
| 出版信息: | 北京 中国水利水电出版社 2000.07 |
|
| 页数: | 353页 | |
| 开本: | 16开 | |
| 丛书名: | ||
| 单 册: | ||
| 中图分类: | TP391.41 | |
| 科图分类: | ||
| 主题词: | 计算机应用 | |
| 电子资源: | ||
| ISBN: | 7-5084-0380-0 | |
| 000 | 00583nam0 2200193 45 | |
| 001 | 0012130803 | |
| 005 | 20001215155020.7 | |
| 010 | @a7-5084-0380-0@d30.00元 | |
| 100 | @a20001213d2000 km y0chiy0120 ea | |
| 101 | 0 | @achi |
| 105 | @a z 000yy | |
| 200 | 1 | @aPremiere5.5实战入门新概念@APremiere5.5 Shi Zhan Ru Men Xin Gai Nian@f苏瑞等编著@FSu Rui Deng Bian Zhu |
| 210 | @a北京@c中国水利水电出版社@d2000.07 | |
| 215 | @a353页@d16开 | |
| 606 | 0 | @a计算机应用 |
| 690 | @aTP391.41@v3 | |
| 701 | 0 | @a苏瑞@4编著 |
| 801 | @aCN@bPftUser@c20001213 | |
| 905 | @dTP391.41@eS.693@b314093-095@f3 | |
| Premiere5.5实战入门新概念/苏瑞等编著.-北京:中国水利水电出版社,2000.07 |
| 353页;16开 |
| ISBN 7-5084-0380-0:30.00元 |
| ● |
| 相关链接 |
|
|
|
正题名:Premiere5.5实战入门新概念
索取号:TP391.41/S.693
 
预约/预借
| 序号 | 登录号 | 条形码 | 馆藏地/架位号 | 状态 | 备注 |
| 1 | 314093 | 203140939 | 期刊室512/301自科库 67排5列4层/ [索取号:TP391.41/S.693] | 在馆 | |
| 2 | 314094 | 203140948 | 自科库301/301自科库 64排7列5层/ [索取号:TP391.41/S.693] | 在馆 | |
| 3 | 314095 | 203140957 | 期刊室512/301自科库 67排5列4层/ [索取号:TP391.41/S.693] | 在馆 |